000 01878nam a2200373 a 4500
001 BRCA_8696
005 20190320210353.0
008 191216s1776----sp-a######---#000-0#lat-#
041 _alat
044 _asp
050 4 _aBX1970
_b.C54
_c1776
100 1 _aClementis Octavi
_921668
245 1 0 _aMissale romanum ex decreto sacro sancti concilii tridentini restitutum, sancti PII Papae quinti iussu editum summorum pontificum
_cClementis Octavi et Urbani Itidem Octavi auctoritate recognitum, et novis missis ex Indulto Apostolico nucusque concessis auctum.
260 _aMatriti
_bTypis petri marin
_c1776
300 _a1 vol. (con varias paginaciones)
_bil.
_c35 cm
500 _aFondo antiguo
500 _aSe encuentra en Caja Fuerte
500 _aLM-30
500 _aPortada impresa en dos tintas negro y rojo con grabado
500 _aCon dedicatoria: Pius episcopus, Clemens Papa VIII, Pius Papa V, Gregorius Papa XIII, Urbanus Papa VIII
500 _aCon summa licentiae regiae, licencia y aprobación del ilustrisimo señor comisario general de la santa cruzada
500 _aTexto en dos columnas
500 _aUso de letras capitulares
500 _aIncluye tablas y pentagramas musicales
500 _aIncluye 3 grabados elaborados por Juan Antonio Salvador en Madrid
500 _aIncluye índice
500 _aNota de encuadernación: pasta española con broches metálicos, edición de cantos dorados decorados
505 0 _aEn el mismo volumen contiene el Missae sanctorum missali romano addendae a sancta sede apostolica novissime concessae.-- Missa in festo sancti angeli regni custodis
506 0 _aFondo reservado: para su consulta es necesario credencial de usuario y carta de motivos
650 1 4 _aIglesia católica
_eLiturgia y ritual
_vMisal
_921669
700 1 _aUrbani Itidem Octavi
_921670
902 _aLAR
942 _2lcc
_cB
999 _c8349
_d8349